Neuroeconomics : (Record no. 170036)

MARC details
000 -LEADER
fixed length control field 00972nam a2200265 a 4500
003 - CONTROL NUMBER IDENTIFIER
control field OSt
005 - DATE AND TIME OF LATEST TRANSACTION
control field 20250314150106.0
008 - FIXED-LENGTH DATA ELEMENTS--GENERAL INFORMATION
fixed length control field
020 ## - INTERNATIONAL STANDARD BOOK NUMBER
International Standard Book Number 9780124160088 (hardcover)
040 ## - CATALOGING SOURCE
Original cataloging agency NUST
Transcribing agency NUST
Language of cataloging eng
Modifying agency NUST
Description conventions rda
050 ## - LIBRARY OF CONGRESS CALL NUMBER
Classification number QP360.5 NEU
245 10 - TITLE STATEMENT
Title Neuroeconomics :
Remainder of title decision making and the brain /
Statement of responsibility, etc. edited by Paul W Glimcher and Ernst Fehr.
250 ## - EDITION STATEMENT
Edition statement Second edition.
260 ## - PUBLICATION, DISTRIBUTION, ETC.
Place of publication, distribution, etc. London :
Name of publisher, distributor, etc. Academic Press,
Date of publication, distribution, etc. 2014.
300 ## - PHYSICAL DESCRIPTION
Extent xxviii, 577 pages :
Other physical details Illustrations ;
Dimensions 29 cm.
336 ## - CONTENT TYPE
Content type term text
Content type code txt
Source rdacontent
337 ## - MEDIA TYPE
Media type term unmediated
Media type code n
Source rdamedia
338 ## - CARRIER TYPE
Carrier type term volume
Carrier type code nc
Source rdacarrier
504 ## - BIBLIOGRAPHY, ETC. NOTE
Bibliography, etc. note Includes bibliographical references and index.
650 #1 - SUBJECT ADDED ENTRY--TOPICAL TERM
Form subdivision Economics -- Psychological aspects.
650 #1 - SUBJECT ADDED ENTRY--TOPICAL TERM
Form subdivision Decision making -- Psychological aspects.
700 ## - ADDED ENTRY--PERSONAL NAME
Personal name Glimcher, Paul W
-- Editor
700 ## - ADDED ENTRY--PERSONAL NAME
Personal name Fehr, Ernst
-- Editor
942 ## - ADDED ENTRY ELEMENTS (KOHA)
Koha item type Ordinary Loan Books
Call number prefix QP
Call number suffix NEU
Source of classification or shelving scheme Library of Congress Classification
Edition Second edition.
Classification part QP360.5 NEU
Suppress in OPAC No
Holdings
Withdrawn status Lost status Source of classification or shelving scheme Damaged status Not for loan Collection Home library Current library Shelving location Date acquired Source of acquisition Cost, normal purchase price Total Checkouts Full call number Barcode Date last seen Cost, replacement price Price effective from Koha item type Public note Accession number
    LCC     NFIC MAIN MAIN GEN 01/23/2023 Book Aid International 80.00   QP360.5 NEU 92004051350 01/23/2023 80.00 01/23/2023 BOOKS Donation  
    LCC     NFIC MAIN MAIN GEN 03/14/2025 Book Aid International 68.00   QP360.5 NEU 92004055179 03/14/2025 68.00 03/14/2025 BOOKS Donation 62410